000 00357nam a2200133Ia 4500
005 20260326235442.0
008 260326s9999||||xx |||||||||||||| ||und||
100 _aBardet, Gastón
245 0 _aPierre sur Pierre :
_b Construction du nouvel Urbanisme /
_cGastón Bardet
260 _bEditions L.C.B.
300 _a290 p.
650 _aURBANISMO
942 _cBK
999 _c7458
_d7458